Wittgensteins Sprachspielkonzeption
Gardado en:
| Autor Principal: | |
|---|---|
| Formato: | Libro |
| Idioma: | alemán |
| Publicado: |
Bonn
Herbert Grundmann
1980
|
| Series: | Abhandlungen zur Philosophie, Phychologie und Pädagogik, 153
|
| Subjects: | |
| Tags: |
Engadir etiqueta
Sen Etiquetas, Sexa o primeiro en etiquetar este rexistro!
|
MARC
| LEADER | 00000nam a2200000 a 4500 | ||
|---|---|---|---|
| 001 | UCZ3852 | ||
| 003 | CL-VaPUC | ||
| 008 | 951027e19800000GW |||||||||||||||||ger|d | ||
| 082 | 0 | 4 | |a 149.94 |b BIL |2 21 |
| 100 | 0 | |a Billing, Hans von |e author |9 347703 | |
| 245 | 1 | 0 | |a Wittgensteins Sprachspielkonzeption |
| 300 | |a 139 p | ||
| 942 | |c BK | ||
| 945 | |d 19951027 00:00:00 |a cmena | ||
| 260 | |a Bonn |b Herbert Grundmann |c 1980 | ||
| 600 | 0 | 7 | |a WITTGENSTEIN, LUDWIG |2 CL-VaPUC |9 257080 |
| 650 | 0 | |a Lógica |9 256849 | |
| 650 | 0 | |a Semántica |9 265318 | |
| 650 | 0 | |a Lingüística |9 265068 | |
| 650 | 0 | |a Lógica matemática |9 262442 | |
| 650 | 0 | |a Positivismo |9 269460 | |
| 583 | |a last modification |c 19951027 00:00:00 |k Rodrigo Vera | ||
| 490 | 0 | |a Abhandlungen zur Philosophie, Phychologie und Pädagogik, 153 | |
| 999 | |c 240299 |d 240297 | ||
| 952 | |0 0 |1 0 |4 0 |6 149_940000000000000_BIL_1980 |7 0 |8 P |9 252124 |a BIBEDU |b BIBEDU |c BIBEDU_PB |d 2019-11-18 |i 1591037 |o 149.94 BIL 1980 |p 1591037 |r 2024-01-25 |w 2019-11-18 |y BK |k FIL | ||